Réalisateurs ayant gagné un César de A à Z - Statistiques

Statistiques générales
  • Ce quiz a été pris 75 fois
  • Le résultat moyen est 9 sur 21
Statistiques - réponses
Lettres Réalisateurs % Correct
A Jacques Audiard / Denys Arcand / Jean-Jacques Annaud / Ben Affleck / Pedro Almodóvar / Percy Adlon / Woody Allen
78%
C Leos Carax / Guillaume Canet / Patrice Chéreau / Alain Corneau / Alain Cavalier / Christian de Chalonge / Robin Campillo / Cyril Collard / Alain Corneau / Vincent Maël Cardona / Hubert Charuel / Thomas Cailley / Philippe Claudel / Laurent Cantet / Alain Chabat / Bernard Campan / Marc Caro / Étienne Chatiliez / Mehdi Charef / Monia Chokri / Sofia Coppola / Jane Campion
76%
B Luc Besson / Bertrand Blier / Xavier Beauvois / Houda Benyamina / Julie Bertuccelli / Zabou Breitman / Didier Bourdon / Jean-Jacques Beineix / Roberto Benigni / Bernardo Bertolucci / Ingmar Bergman
73%
T Justine Triet / Bertrand Tavernier / André Téchiné / François Truffaut / Danis Tanović / Anh Hùng Trần
63%
P Roman Polanski / Martin Provost / Vincent Paronnaud / Gilles Porte / Bruno Podalydès / Euzhan Palcy
57%
J Jean-Pierre Jeunet / Agnès Jaoui / Bong Joon-ho
55%
K Abdellatif Kechiche / Mathieu Kassovitz / Hirokazu Kore-eda / Wong Kar-wai / Akira Kurosawa
53%
H Michael Haneke / Michel Hazanavicius / Mark Herman
47%
S Abderrahmane Sissako / Claude Sautet / Ettore Scola / Coline Serreau / Bob Swaim / Joann Sfar / Riad Sattouf / Marjane Satrapi / Hubert Sauper / Rodrigo Sorogoyen
45%
D Albert Dupontel / Xavier Dolan / Arnaud Desplechin / Michel Deville / Jean-Baptiste Durand / Alice Diop / Richard Dembo / Jonathan Dayton
45%
Z Claude Zidi / Érick Zonca / Florian Zeller / Andreï Zviaguintsev
41%
M Dominik Moll / Tonie Marshall / Louis Malle / Filippo Meneghetti / Mounia Meddour / Jean-Bernard Marlin / Cyril Mennegun / Isabelle Mergault / Yolande Moreau / Serge Meynard / Michael Moore
41%
R Jean-François Richet / Alain Resnais / Jean-Paul Rappeneau / Éric Rochant / Dino Risi
41%
L Patrice Leconte / Joseph Losey / Ladj Ly / Xavier Legrand / Ken Loach / David Lynch / Richard Linklater
39%
G Xavier Giannoli / Guillaume Gallienne / Deniz Gamze Ergüven / Romain Goupil / Alejandro González Iñárritu
29%
E Robert Enrico / Sylvain Estibal / Clint Eastwood / Blake Edwards
27%
F Philippe Faucon / Pascale Ferran / Emmanuel Finkiel / Asghar Farhadi / David Fincher / Ari Folman / Valerie Faris / Stephen Frears / Miloš Forman
22%
V Paul Verhoeven / Sandrine Veysset / Christian Vincent / Thomas Vinterberg / Felix Van Groeningen / Florian Henckel von Donnersmarck / Lars von Trier / Jaco Van Dormael
16%
W Andrzej Wajda / Régis Wargnier / Peter Weir
12%
N Bruno Nuytten / Mike Newell
0%
O Ermanno Olmi
0%
Aucun quiz correspondant
Distribution des résultats
% des personnes avec chaque résultat
Percentile par nombre de réponses
Votre historique - résultats
Vous n’avez pas pris ce quiz